The concise encyclopedia of world history. (Record no. 128793)
[ view plain ]
| 000 -LEADER | |
|---|---|
| fixed length control field | 00831cam a2200241 4500 |
| 001 - CONTROL NUMBER | |
| control field | 13305107 |
| 003 - CONTROL NUMBER IDENTIFIER | |
| control field | ARRUPE |
| 005 - DATE AND TIME OF LATEST TRANSACTION | |
| control field | 20190123121252.0 |
| 008 - FIXED-LENGTH DATA ELEMENTS--GENERAL INFORMATION | |
| fixed length control field | 030808s1958 nyuabfc b 000 0 eng |
| 010 ## - LIBRARY OF CONGRESS CONTROL NUMBER | |
| LC control number | 58010240 |
| 040 ## - CATALOGING SOURCE | |
| Original cataloging agency | DLC |
| Transcribing agency | DLC |
| 050 00 - LIBRARY OF CONGRESS CALL NUMBER | |
| Classification number | SPC. D23 |
| 300 ## - PHYSICAL DESCRIPTION | |
| Other physical details | plates (part col.) ports. (part col.) maps. |
| Dimensions | 26 cm. |
| 100 1# - MAIN ENTRY--PERSONAL NAME | |
| Personal name | Bowle, John, (ed.) |
| Relator term | ed. |
| 9 (RLIN) | 2424 |
| 245 14 - TITLE STATEMENT | |
| Title | The concise encyclopedia of world history. |
| Statement of responsibility, etc | Contributors: John Bradford [and others] |
| 260 ## - PUBLICATION, DISTRIBUTION, ETC. (IMPRINT) | |
| Place of publication, distribution, etc | London, |
| Name of publisher, distributor, etc | Hutchinson |
| Date of publication, distribution, etc | [1958] |
| 300 ## - PHYSICAL DESCRIPTION | |
| Extent | 511 p. |
| 504 ## - BIBLIOGRAPHY, ETC. NOTE | |
| Bibliography, etc | Bibliography: p. 496-501. |
| 650 #0 - SUBJECT ADDED ENTRY--TOPICAL TERM | |
| Topical term or geographic name as entry element | World history |
| General subdivision | Encyclopedias. |
| 9 (RLIN) | 44055 |
| 700 1# - ADDED ENTRY--PERSONAL NAME | |
| Personal name | Bradford, John, |
| Dates associated with a name | 1918-1975. |
| 9 (RLIN) | 44056 |
| 906 ## - LOCAL DATA ELEMENT F, LDF (RLIN) | |
| a | 0 |
| b | cbc |
| c | orignew |
| d | 3 |
| e | ncip |
| f | 20 |
| g | y-gencatlg |
| 942 ## - ADDED ENTRY ELEMENTS (KOHA) | |
| Source of classification or shelving scheme | Library of Congress Classification |
| Koha item type | SPC |
| Withdrawn status | Lost status | Source of classification or shelving scheme | Damaged status | Not for loan | Collection code | Home library | Current library | Shelving location | Date acquired | Total Checkouts | Full call number | Barcode | Date last seen | Price effective from | Koha item type |
|---|---|---|---|---|---|---|---|---|---|---|---|---|---|---|---|
| Library of Congress Classification | SPECIAL Collection | ARRUPE LIBRARY | ARRUPE LIBRARY | REFERENCE | 21/01/2019 | SPC. D23 | 46600002431 | 21/01/2019 | 21/01/2019 | SPC |